| 000 | 00561nam a22002057a 4500 | ||
|---|---|---|---|
| 003 | CEu | ||
| 005 | 20140310182932.0 | ||
| 008 | 130131t xxu||||| |||| 00| 0 eng d | ||
| 020 | _a971574088x | ||
| 050 |
_aPL 6061 _b.Sa255 2004 |
||
| 082 |
_aFIL 808.04 .R31 2004 _b.Sa255 2004 |
||
| 245 |
_aRetorika para sa antas tersyaryo _cSauco, Consolacion P.,... [et al.] |
||
| 260 |
_aMakati City _bKatha _cc2004 |
||
| 300 |
_a197 p. _c25.5 cm. |
||
| 521 | _acollege students | ||
| 526 | _c1210L-1700L | ||
| 541 | _j1 | ||
| 562 | _e2 | ||
| 942 |
_2lcc _cBK _kFIL |
||
| 999 |
_c17556 _d17556 |
||